00757nam a2200205 a 450000100060000000300090000600800410001502000170005604000280007308200190010110000320012024501190015226000230027130000100029465000420030465000350034694200120038199900170039395201410041024190CO-ViMGA141112s2004 ck r 000 u spa d a978958049763 aCO-ViMGAbspacCO-ViMGA04a324.2861 G874l1 aGutierrez, Francisco93524910aLo que el viento se llevo ? Los partidos politicos y la democracia en colombia 1958 - 2002 / cFrancisco Gutierrez aColombia : bNorma a518p.14aCOLOMBIA - POLITICO Y GOBIERNO93525014aPARTIDOS POLITICOS - COLOMBIA  2ddccBK c32210d32210 00102ddc40708002aMEVIECARbMEVIECARd2015-12-04h07/dic/2011l0o324.2861 G874l p24217r2015-12-04 00:00:00tEj. 1w2015-12-04yBK